Claves para una lectura de Nietzsche : (Registro nro. 15531)

Detalles MARC
000 -CABECERA
campo de control de longitud fija 02590nam a2200325Ia 4500
001 - NÚMERO DE CONTROL
campo de control 4924
003 - IDENTIFICADOR DEL NÚMERO DE CONTROL
campo de control DO-SdBPM
005 - FECHA Y HORA DE LA ÚLTIMA TRANSACCIÓN
campo de control 20251121080414.0
007 - CAMPO FIJO DE DESCRIPCIÓN FÍSICA--INFORMACIÓN GENERAL
campo de control de longitud fija ta
008 - DATOS DE LONGITUD FIJA--INFORMACIÓN GENERAL
campo de control de longitud fija 140604s2003 dr 000 0spad
020 ## - NÚMERO INTERNACIONAL ESTÁNDAR DEL LIBRO
Número Internacional Estándar del Libro 9993495921
040 ## - FUENTE DE LA CATALOGACIÓN
Centro catalogador/agencia de origen DO-SdBPM
Lengua de catalogación spa
Centro/agencia transcriptor BPMSU
Normas de descripción rda
082 #4 - NÚMERO DE LA CLASIFICACIÓN DECIMAL DEWEY
Número de clasificación 193.9
Número de documento/Ítem B828c 2003
Número de edición 22
100 1# - ENTRADA PRINCIPAL--NOMBRE DE PERSONA
Nombre de persona Brea Franco, Luis O.
Fechas asociadas al nombre 1946 - 2020
Término indicativo de función/relación autor
Código de función/relación aut.
245 10 - MENCIÓN DE TÍTULO
Título Claves para una lectura de Nietzsche :
Resto del título prolegómenos a una interpretación de su obra /
Mención de responsabilidad, etc. Brea Franco, Luis O.
250 ## - MENCIÓN DE EDICIÓN
Mención de edición 2a ed. revisada y corregida
264 ## - PRODUCCIÓN, PUBLICACIÓN, DISTRIBUCIÓN, FABRICACIÓN Y COPYRIGHT
Producción, publicación, distribución, fabricación y copyright Santo Domingo :
Nombre del de productor, editor, distribuidor, fabricante Academia de Ciencias de la República Dominicana,
Fecha de producción, publicación, distribución, fabricación o copyright 2003
300 ## - DESCRIPCIÓN FÍSICA
Extensión 540 p. ;
Dimensiones 21 cm.
500 ## - NOTA GENERAL
Nota general Incluye datos biográficos del autor en la solapa de la cubierta
505 0# - NOTA DE CONTENIDO CON FORMATO
Nota de contenido con formato nidos:<br/>Consideraciones preliminares, 13.-- Planteamiento del problema, 45.-- Importancia de Nietzsche y dificultades de su hermenéutica, 47.-- La vida de Nietzsche es su pensamiento,55.-- Sobre el estilo en Nietzsche, 64.-- Apertura de una vía hacia Nietzsche, 69.-- El horizonte del comprender: idea de perspectiva, 97.-- ¿Qué es interpretación, 131.-- Otras ideas directivas del pensamiento de Nietzsche, 173.-- Idea de la voluntad de poderío,177.-- Ontología: ser y devenir, 187.-- El eterno retorno de lo mismo, 199.-- Genealogía: acción y reacción de las fuerzas, 227.-- Crítica de la ciencia moderna, 239.-- Individuo, sociedad y Estado,267.-- La locura de Nietzsche y el destino de la obra, 279.-- La locura de Nietzsche: manifestación, orígenes y consecuencias de la enfermedad para la obra, 281.-- Nietzsche como campo de batalla, 306.-- La recepción de la obra en Alemania, 323.-- Las ediciones de la obra por el ¨Nietzsche-Archiv¨ y la edición crítica Colli-Montinari, 335.-- El caso de la ¨Voluntad de poderío¨, 350.-- Conclusión metodológica: planteamiento para una lectura de la obra de Nietzsche, 375.-- Anexos. Currículo para Basilea y Vita para G. Brandes, 413.-- Bibliografía de Nietzsche, 417.-- Relación de las ediciones de las obras de Nietzsche en alemán, 439.-- Cronología de Friedrich Nietzsche, 449.-- Bibliografía utilizada en la investigación, 461.
586 ## - NOTA DE PREMIOS
Nota de premios Premio Nacional de Ensayo Pedro Henríquez Ureña, 2004
600 14 - PUNTO DE ACCESO ADICIONAL DE MATERIA--NOMBRE DE PERSONA
Nombre de persona Nietzsche, Friedrich Wilhelm
Fechas asociadas al nombre 1844-1900
Subdivisión general Crítica e interpretación
650 #7 - PUNTO DE ACCESO ADICIONAL DE MATERIA--TÉRMINO DE MATERIA
Término de materia o nombre geográfico como elemento de entrada Metafísica
650 #7 - PUNTO DE ACCESO ADICIONAL DE MATERIA--TÉRMINO DE MATERIA
Término de materia o nombre geográfico como elemento de entrada Filosofía alemana.
650 #7 - PUNTO DE ACCESO ADICIONAL DE MATERIA--TÉRMINO DE MATERIA
Término de materia o nombre geográfico como elemento de entrada Dios
Subdivisión general Aspectos filosóficos.
590 ## - NOTA LOCAL (RLIN)
Enlace (RLIN) Inventariado, 2025/VM
710 1# - PUNTO DE ACCESO ADICIONAL--NOMBRE DE ENTIDAD CORPORATIVA
Nombre de entidad corporativa o nombre de jurisdicción como elemento de entrada República Dominicana.
Unidad subordinada Ministerio de Cultura
910 ## - DATOS DE OPCIÓN DEL USUARIO (OCLC)
Datos de opción del usuario VMateo V. Control de calidad. BPMSU
942 ## - ELEMENTOS DE PUNTO DE ACCESO ADICIONAL (KOHA)
Fuente del sistema de clasificación o colocación Dewey Decimal Classification
Tipo de ítem Koha Libros
Existencias
Estado de retiro Estado de pérdida Fuente del sistema de clasificación o colocación No para préstamo Código de colección Localización permanente Ubicación/localización actual Fecha de adquisición Total de préstamos Signatura topográfica completa Código de barras Fecha visto por última vez Precio válido a partir de Tipo de ítem Koha Número de copia
    Dewey Decimal Classification   Colección Dominicana Biblioteca Pública Metropolitana Salomé Ureña Biblioteca Pública Metropolitana Salomé Ureña 11/21/2025   BPMSU CD 193.9 B828c 2003 BPMSU25110064 11/21/2025 11/21/2025 Libros  
    Dewey Decimal Classification   Colección Dominicana Biblioteca Pública Metropolitana Salomé Ureña Biblioteca Pública Metropolitana Salomé Ureña 11/21/2025   BPMSU CD 193.9 B828c 2003 BPMSU25110065 11/21/2025 11/21/2025 Libros e.2
    Dewey Decimal Classification   Colección Dominicana Biblioteca Pública Metropolitana Salomé Ureña Biblioteca Pública Metropolitana Salomé Ureña 11/21/2025   BPMSU CD 193.9 B828c 2003 BPMSU25110066 11/21/2025 11/21/2025 Libros e.3